Statistics for Brand Logos Multiple Choice

Click here to take the quiz!

General Stats

  • This quiz has been taken 5,044 times
  • The average score is 9 of 10

Answer Stats

QuestionAnswer% Correct
Instagram
97%
Pizza Hut
95%
Shell
95%
Mastercard
92%
Hershey's
92%
Firestone
91%
Under Armour
88%
NBC
82%
Lufthansa
71%
Barclays
52%

Score Distribution

Percentile by Number Answered

Percent of People with Each Score

Your Score History

You have not taken this quiz